| 000 | 01461cam a22003257a 4500 | ||
|---|---|---|---|
| 999 |
_c14126 _d14126 |
||
| 003 | EG-ScBUE | ||
| 005 | 20200122150843.0 | ||
| 008 | 100602s1987 ua f b 000 1 ara d | ||
| 040 |
_aEG-ScBUE _bara _erda _cEG-ScBUE _dEG-ScBUE |
||
| 043 | _af-ua--- | ||
| 082 | 0 | 4 |
_a962.03 _bع و ض _222 |
| 100 | 1 |
_aعوض، لويس، _d1915-1990، _eمؤلف. _914402 |
|
| 245 | 1 | 0 |
_aتاريخ الفكر المصري الحديث : _b من الحملة الفرنسية إلى عصر إسماعيل / _cد. لويس عوض. |
| 250 | _aالطبعة الرابعة. | ||
| 264 | 1 |
_aالقاهرة : _bمكتبة مدبولي، _c1987. |
|
| 300 |
_aمجلدان في 1 ؛ _c24 سم |
||
| 336 |
_2rdacontent _aنص _btxt |
||
| 337 |
_2rdamedia _aبدون وسيط _bn |
||
| 338 |
_2rdacarrier _aمجلد _bnc |
||
| 504 | _aيشتمل على إرجاعات ببليوجرافية. | ||
| 505 | 0 | _aالمجلد الأول والثاني. الخلفية التاريخية، الفكر السياسي والاجتماعي. | |
| 541 | _aعلاء عبد الغني. | ||
| 590 | _aeman | ||
| 651 | 1 |
_914757 _aمصر _xتاريخ _yالحملة الفرنسية (1798-1801 م.) _2BUEsh |
|
| 651 | 1 |
_aمصر _xتاريخ _yالعصر الحديث _yالخديوي إسماعيل (1863-1879) _2BUEsh |
|
| 651 | 1 |
_aمصر _xتاريخ _yالعصر الحديث _yعصر محمد علي (1805-1849) _2BUEsh |
|
| 653 |
_bGGEN _cJanuary2020 |
||
| 655 | _vReading book | ||
| 942 |
_2ddc _cBB |
||